Xây dựng hệ thống quản lý thực tập thực tế khoa CNTT và TT : Báo cáo tổng kết đề tài nghiên cứu khoa học của sinh viên

Xây dựng hệ thống quản lý quá trình thực tập thực tế cung cấp các tiện ích cho từng nhóm người dùng.

Enregistré dans:
Détails bibliographiques
Auteur principal: Quách, Hoài Nam
Format: Livre
Langue:Undetermined
Publié: Cần Thơ Trường Đại học Cần Thơ 2018
Sujets:
Tags: Ajouter un tag
Pas de tags, Soyez le premier à ajouter un tag!
Thư viện lưu trữ: Trung tâm Học liệu Trường Đại học Cần Thơ
LEADER 01009nam a2200217Ia 4500
001 CTU_229107
008 210402s9999 xx 000 0 und d
082 |a 004.21 
082 |b N104 
088 |a TSV2018-37 
100 |a Quách, Hoài Nam 
245 0 |a Xây dựng hệ thống quản lý thực tập thực tế khoa CNTT và TT : 
245 0 |b Báo cáo tổng kết đề tài nghiên cứu khoa học của sinh viên 
245 0 |c Quách Hoài Nam (Chủ nhiệm đề tài) ; Nguyễn Minh Thư (Người hướng dẫn) 
260 |a Cần Thơ 
260 |b Trường Đại học Cần Thơ 
260 |c 2018 
520 |a Xây dựng hệ thống quản lý quá trình thực tập thực tế cung cấp các tiện ích cho từng nhóm người dùng. 
650 |a System design,Thiết kế hệ thống 
910 |b nthai 
980 |a Trung tâm Học liệu Trường Đại học Cần Thơ